banner-ar

المسجد : (Record no. 63506)

MARC details
000 -الفاتح
حقل البيانات ثابتة الطول 01070nam a22002417a 4500
005 - وقت وتاريخ اخر تعامل مع التسجيلة
رقم الضبط 20240530110645.0
008 - عناصر البيانات ثابتة الطول - معلومات عامة
حقل البيانات ثابتة الطول 171108s2012 ua aof f b 000 0 ara d
017 ## - رقم الايداع القانونى
رقم الايداع القانونى 2013/2301
المصدر ( الهيئة المختصة) مصر. دار الكتب
040 ## - مصدر الفهرسة
وكالة الفهرسة الأصلية EG-CaGPL
وكالة النسخ EG-CaGPL
082 04 - رقم تصنيف ديوى العشرى
رقم الطبعة 21
رقم التصنيف 726.2\
رقم المادة م م
100 0# - المدخل الرئيسى - إسم شخصى
الإسم الشخصى محمد ماجد عباس خلوصى .
245 12 - بيان العنوان
العنوان المسجد :
بقية العنوان عمارة و طراز و تاريخ /
بيان المسئوليه,etc محمد ماجد عباس خلوصى .
رقم الجزء/قسم العمل الجزء الاول :
اسم جزء/قسم العمل المساجد التاريخية فى مصر و العالم الاسلامى --
رقم الجزء/قسم العمل الجزء الثانى :
اسم جزء/قسم العمل المساجد الحديثة فى مصر و العالم الاسلامى .
250 ## - بيان الطبعة
بيان الطبعة ط.1
260 ## - PUBLICATION, DISTRIBUTION, ETC. (IMPRINT)
تاريخ النشر أو التوزيع 2013 .
300 ## - الوصف المادى
التعداد 2 جزء :
تفاصيل ماديه اخرى للوعاء صور لو ؛
أبعاد الوعاء 28 سم.
650 07 - المدخل الاضافى بالموضوع-مصطلح موضوعى
مصدر الرأس أو المصطلح qrmak
مصطلح موضوعي المساجد
650 07 - المدخل الاضافى بالموضوع-مصطلح موضوعى
مصدر الرأس أو المصطلح qrmak
مصطلح موضوعي المساجد
التقسيم الفرعي الجغرافي مصر
650 07 - المدخل الاضافى بالموضوع-مصطلح موضوعى
مصدر الرأس أو المصطلح qrmak
مصطلح موضوعي المساجد
التقسيم الفرعي العام عمارة
650 07 - المدخل الاضافى بالموضوع-مصطلح موضوعى
مصدر الرأس أو المصطلح qrmak
مصطلح موضوعي العمارة الاسلامية
651 ## - المدخل الاضافى بالموضوع - اسم جغرافى
مصدر الرأس أو المصطلح qrmak
942 ## - عناصر المدخل الإضافي( كوها)
مصدر التصنيف او مخطط الترفيف Dewey Decimal Classification
Koha [default] item type كتاب
260 ## - PUBLICATION, DISTRIBUTION, ETC. (IMPRINT)
-- القاهرة :
-- المؤلف ،
Holdings
حالة التراجع حالة الفقد حالة تلف ليس للاعارة المكان المؤقت الموقع الحالى موقع الترفيف تاريخ الاكتساب اجمالي اﻻعارات رقم الطلب الباركود تاريخ اخر مشاهدة تاريخ تفعيل السعر نوع وعاء كوها
        مكتبة القاهرة الكبرى مكتبة القاهرة الكبرى   11/08/2017   726.2\ م م ج 1 163589 11/08/2017 11/08/2017 كتاب
        مكتبة القاهرة الكبرى مكتبة القاهرة الكبرى   11/08/2017   726.2\ م م ج 2 163590 11/08/2017 11/08/2017 كتاب

Powered By

EGPV